000 00351nam a2200157Ia 4500
005 20250423101606.0
008 250422s9999 xx 000 0 und d
020 _a1556858X
050 _aRG 527.5 .U48/
245 0 _aUltrasound clinics
260 _aPhiladelphia
260 _bW.B. Saunders
260 _c2005
300 _a424 p
942 _cBK
999 _c36704
_d36704